| 000 -LEADER | |
|---|---|
| fixed length control field | 00570cam a22002054a 4500 |
| 020 ## - INTERNATIONAL STANDARD BOOK NUMBER | |
| ISBN | 0131780948 (pbk.) |
| 050 00 - LIBRARY OF CONGRESS CALL NUMBER | |
| Classification number | RT89 |
| 100 1# - MAIN ENTRY--AUTHOR NAME | |
| Personal name | Sullivan, Eleanor J., |
| 245 10 - TITLE STATEMENT | |
| Title | Effective leadership and management in nursing / |
| 250 ## - EDITION STATEMENT | |
| Edition statement | 6th ed. |
| 260 ## - PUBLICATION, DISTRIBUTION, ETC. (IMPRINT) | |
| Place of publication | Upper Saddle River, N.J. : |
| Name of publisher | Pearson/Prentice Hall, |
| Year of publication | c2005. |
| 300 ## - PHYSICAL DESCRIPTION | |
| Number of Pages | xix, 344 p. : |
| Other physical details | ill. (some col.) ; |
| 650 #0 - SUBJECT ADDED ENTRY--TOPICAL TERM | |
| Topical Term | Nursing services |
| Topical Term | Leadership. |
| Topical Term | Nurse Administrators. |
| Topical Term | Leadership. |
| Topical Term | Nursing Care |
| 700 1# - ADDED ENTRY--PERSONAL NAME | |
| Personal name | Decker, Phillip J. |
| 942 ## - ADDED ENTRY ELEMENTS (KOHA) | |
| Koha item type | Books |
| Koha item type | Collection code | Shelving location | Accession Number | Permanent Location | Current Location | Date acquired | Full call number |
|---|---|---|---|---|---|---|---|
| Books | Reference | Reference | 2189 | Chapman Library | Chapman Library | 2017-01-09 | RT89 |
| Books | Reference | Reference | 2190 | Chapman Library | Chapman Library | 2017-01-09 | RT89 |

